000 00237nam a2200109Ia 4500
008 190216s9999||||xx |||||||||||||| ||und||
100 _aChandu Menon O
245 0 _aSharada
260 _bNbs Kottayam
650 _aKavithkal
942 _cBK
999 _c24301
_d24301